000 00653nam a2200277Ia 4500
005 20260324121806.0
008 008 260324s9999 xx 000 0 eng d
020 _a9780240818474
037 _aEBOOK
040 _aCRL
040 _beng
040 _cCRL
041 _2eng
041 _aeng
084 _qCRL
100 _aDon Davis; Eugene Patronis; Pat Brown
_91163898
245 0 _aSound System Engineering 4e
260 _bTaylor and Francis
260 _c2013
365 _a
365 _b220
856 _uhttp://www.taylorfrancis.com/books/9780240818474
942 _cEBOOK
999 _c1756209
_d1756209